Communication for the Classroom Teacher (Record no. 1964)

MARC details
000 -LEADER
fixed length control field 00900pam a2200277 a 4500
001 - CONTROL NUMBER
control field 4505123
003 - CONTROL NUMBER IDENTIFIER
control field OSt
005 - DATE AND TIME OF LATEST TRANSACTION
control field 20191118144612.0
008 - FIXED-LENGTH DATA ELEMENTS--GENERAL INFORMATION
fixed length control field 980408s1999 maua b 001 0 eng
010 ## - LIBRARY OF CONGRESS CONTROL NUMBER
LC control number 98007273
020 ## - INTERNATIONAL STANDARD BOOK NUMBER
International Standard Book Number 0205288057
040 ## - CATALOGING SOURCE
Original cataloging agency DLC
Transcribing agency DLC
Modifying agency DLC
050 00 - LIBRARY OF CONGRESS CALL NUMBER
Classification number LB1033
Item number .C64 1999
082 00 - DEWEY DECIMAL CLASSIFICATION NUMBER
Classification number 371 FAR 1980
Edition number 21
100 1# - MAIN ENTRY--PERSONAL NAME
Personal name Cooper, Pamela J.; Simonds, Cheri.
9 (RLIN) 5160
245 10 - TITLE STATEMENT
Title Communication for the Classroom Teacher
250 ## - EDITION STATEMENT
Edition statement 6th ed.
260 ## - PUBLICATION, DISTRIBUTION, ETC. (IMPRINT)
Place of publication, distribution, etc. Boston :
Name of publisher, distributor, etc. Allyn and Bacon,
Date of publication, distribution, etc. c1999.
300 ## - PHYSICAL DESCRIPTION
Extent xiv, 334 p. :
Other physical details ill. ;
Dimensions 24 cm.
504 ## - BIBLIOGRAPHY, ETC. NOTE
Bibliography, etc Includes bibliographical references (p. 303-323) and index.
650 #0 - SUBJECT ADDED ENTRY--TOPICAL TERM
Topical term or geographic name as entry element Class management
9 (RLIN) 5161
650 #0 - SUBJECT ADDED ENTRY--TOPICAL TERM
Topical term or geographic name as entry element School teacher
9 (RLIN) 13058
906 ## - LOCAL DATA ELEMENT F, LDF (RLIN)
a 7
b cbc
c orignew
d 1
e ocip
f 19
g y-gencatlg
942 ## - ADDED ENTRY ELEMENTS (KOHA)
Source of classification or shelving scheme Other/Generic Classification Scheme
Koha item type Short Loan
Holdings
Withdrawn status Lost status Source of classification or shelving scheme Damaged status Not for loan Home library Current library Date acquired Source of acquisition Inventory number Total Checkouts Full call number Barcode Date last seen Price effective from Koha item type
    Other/Generic Classification Scheme     MUST Main Library MUST Main Library 02/06/2015   2000/14638   371 FAR 1980 2015-1730 02/06/2015 02/06/2015 Short Loan
    Dewey Decimal Classification     MUST Main Library MUST Main Library 24/01/2020 Purchase 2000/14659   371 FAR 1980 2020-0125 24/01/2020 24/01/2020 Open Shelf